000 01287cab a22002175a 4500
001 L138716
008 070704s2007 xxk f 000 0 eng d
035 _a(Sirsi) u138716
041 0 _aeng
100 1 _aWalton, Guy
245 0 0 _aLaw of forfeiture faced with radical reform
_ban overview of the Landlord and Tenant (Termination of Tenancies) Bill
260 _c2007
490 _aJournal of Retail and Leisure Property
_v6(2) April 2007, 101-107(7)
520 _aThe Bill proposes radical reform to the existing law of forfeiture relating to leases. This has long been criticised due to its unfairness to tenants. The Bill aims to ensure that the consequences of any tenant breach are proportionate and appropriate to the Human Rights Act 1998. It proposes tenancy forfeiture only under court Termination Orders, together with the introduction of alternative measures such as Remedial Orders, Orders for Sale and Transfer Orders. It also proposes the Summary Termination Procedure as a replacement for landlords' current rights of re-entry.
590 _aKA
650 2 4 _aLANDLORD AND TENANT (TERMINATION OF TENANCIES) BILL
650 2 4 _aHUMAN RIGHTS ACT 1998
651 4 _aUnited Kingdom
_y
690 _aPROPERTY-LANDLORD AND TENANT-LANDLORD AND TENANT REFORM
942 _n0
999 _c78969
_d78969